Statistics for Rock Songs #14

Click here to take the quiz!

General Stats

  • This quiz has been taken 22 times
  • The average score is 7 of 20

Answer Stats

Song NameNumber of Spotify Streams to nearest MillionArtist% Correct
Hungry Like The Wolf384Duran Duran
71%
Sweet Emotion419Aerosmith
67%
Tom Sawyer313Rush
62%
I am The Walrus97The Beatles
57%
Civil War209Guns N Roses
52%
All Apologies227Nirvana
43%
Foxey Lady96Jimi Hendrix
38%
Crazy Crazy Nights80Kiss
33%
Fly Away336Lenny Kravitz
33%
Creeping Death116Metallica
33%
You Really Got Me159Van Halen
33%
Perfect Strangers123Deep Purple
29%
Close My eyes Forever66Lita Ford
29%
I'm Eighteen47Alice Cooper
24%
Just Like Paradise37David Lee Roth
19%
Orgasmatron8Motorhead
14%
People = Shit148Slipknot
10%
Transilvanian Hunger8Darkthrone
5%
Freezing Moon21Mayhem
5%
The Metal91Tenacious D
5%

Score Distribution

Percentile by Number Answered

Percent of People with Each Score

Your Score History

You have not taken this quiz